000 01362nam a2200313 i 4500
003 EG-GICUC
005 20260121101245.0
008 251119s1996 ua ||||fr|||| 000 0 ara d
017 _a19904960
040 _a EG-GICUC
_bara
_c EG-GICUC
_d EG-GICUC
_erda
041 0 _hara
082 0 4 _221
_a341.762
_bم ح . ح
092 0 4 _221
099 _aLaw1 11 341.762 1996 م ح . ح
100 1 _aمحمد مصطفي يونس
_eمؤلف.
245 1 0 _aحماية البيئة البحرية من التلوث في القانون الدولي العام /
_cتأليف محمد مصطفي يونس.
264 1 _aالقاهرة :
_bدار النهضة العربية ،
_c1996.
300 _a209 ؛صفحة
_c24 سم.
_bإيضاحيات، صور، مثيليات ؛
336 _2rda content
_atext
337 _2rda media
_aComputer
338 _2rda carrier
_aOnline Resource
504 _aيحتوي على ارجاعات ببليوجرافية يحتوي على قائمة بالمراجع
546 _aالنص أغلبه باللغة العربية بعض النصوص الإنجليزية والفرنسية
650 1 4 _aالقانون الدولي البحري
_xالقانون الدولي العام
_2qrmak
651 1 _2qrmak
856 4 0 _uhttps://fll.law.cu.edu.eg/fulltext/bks/B11-06128.pdf
905 _a75
_eYara
942 _2ddc
_cBK
_e21
_n0
999 _c44589
_d44589